00792nam a22002057a 450000500170000000800410001702000180005805000290007624500800010526000410018530000270022650400500025352100100030365000480031365000240036165000420038594200170042799900170044495201250046120140313100411.0140110b xxu||||| |||| 00| 0 eng d a9781462509645 aRJ 506.P55 b.C641 2012 aClinical work with traumatized young children / cedited by Joy D. Osofsky. aNew York : bGuilford Press, c2011. axxi, 359 p. ; c24 cm. aIncludes Bibliographic References and Index.  aPSYCH aPost-traumatic stress disorder in children. aStress (Psychology) aStress Disorders, Traumaticxtherapy. 2lcccBKkFOR c26024d26024 00102lcc40aCLbCLcRESd2014-01-10eDONATIONl0oRJ 506.P55 .C55 2011pC17451r2018-05-15 00:00:00t1w2014-01-10yBK